Mule deer management in Texas /

Bibliographic Details
Main Author: Cantu, Ruben
Corporate Author: Texas. Wildlife Division
Format: Government Document Book
Language:English
Published: Austin, Tex. : Texas Parks & Wildlife, Wildlife Division, [1997]
Subjects:

MARC

Tag First Indicator Second Indicator Subfields
LEADER 00000cam a22000004a 4500
001 in00001403916
005 20151020054242.0
008 971125s1997 txu s000 0 eng d
035 |a (OCoLC)38003717 
035 |9 AHN0887AM 
040 |a IKM  |c IKM  |d TXA  |d UtOrBLW 
049 |a TXAO 
086 |a P400.8 M897 1997  |2 txdocs 
100 1 |a Cantu, Ruben. 
245 1 0 |a Mule deer management in Texas /  |c by Ruben Cantu and Calvin Richardson. 
264 1 |a Austin, Tex. :  |b Texas Parks & Wildlife, Wildlife Division,  |c [1997] 
300 |a 22 pages :  |b illustrations, maps ;  |c 28 cm. 
336 |a text  |b txt  |2 rdacontent 
337 |a unmediated  |b n  |2 rdamedia 
338 |a volume  |b nc  |2 rdacarrier 
650 0 |a Mule deer  |z Texas. 
710 1 |a Texas.  |b Wildlife Division. 
999 |a MARS 
999 f f |s 35a77721-b718-3e04-9e85-b6e91178f1d6  |i a2afe602-f32c-360a-9663-87cbb67b2e69  |t 0 
952 f f |p normal  |a Texas A&M University  |b College Station  |c Sterling C. Evans Library  |d Evans: Texas Documents (Annex 5th floor)  |t 0  |e P400.8 M897 1997  |h Other scheme  |i unmediated -- volume  |m A14822997644 
998 f f |a P400.8 M897 1997  |t 0  |l Evans: Texas Documents (Annex 5th floor)